000 00278nam a22001217a 4500
008 180306b xxu||||| |||| 00| 0 eng d
041 _aeng
080 _a912
100 _a43
101 _ageo
245 _anational geographic the photographic
_cleah.b
942 _2udc
_cBK
999 _c44132
_d44132